Normal view
MARC view
- Abbey, Station
Entry Personal Name
001 - CONTROL NUMBER
- control field: 7762
003 - CONTROL NUMBER IDENTIFIER
- control field: OSt
005 - DATE AND TIME OF LATEST TRANSACTION
- control field: 20250823150155.0
008 - FIXED-LENGTH DATA ELEMENTS
- fixed length control field: 250823|| aca||aabn | a|a d
040 ## - CATALOGING SOURCE
- Original cataloging agency: OSt
- Transcribing agency: OSt
100 ## - HEADING--PERSONAL NAME
- Personal name: Abbey, Station
670 ## - SOURCE DATA FOUND
- Source citation: Work cat.: (OSt)5665: Abbey, Station., Automobile transmission servicing and overhaul / , 1981.
